| 000 | 00746cam a22002294i 4500 | ||
|---|---|---|---|
| 020 | _a0823414477 | ||
| 020 | _a9780823414475 | ||
| 020 | _a0823417557 | ||
| 020 | _a9780823417551 | ||
| 020 | _a0439296293 | ||
| 020 | _a9780439296298 | ||
| 040 | _cDLC | ||
| 082 | 0 | 0 | _a940 LEV 2000 C289 Or. |
| 100 | 1 | _aLevine, Ellen. | |
| 245 | 1 | 0 |
_aDarkness over Denmark : _bthe Danish resistance and the rescue of the Jews / |
| 300 |
_ax, 164 pages : _billustrations, maps ; _c26 cm |
||
| 520 | _aAn account of people in Denmark who risked their lives to protect and rescue their Jewish neighbors from the Nazis during World War II. | ||
| 650 | 0 | _aJews | |
| 650 | 0 | _aHolocaust, Jewish (1939-1945) | |
| 650 | 0 | _aWorld War, 1939-1945 | |
| 942 | _cAEDBB | ||
| 999 |
_c22418 _d22418 |
||